history gcse medicine! - Statistics

General Stats
  • This quiz has been taken 16 times
    14 since last reset
  • The average score is 10 of 41
Answer Stats
Hint Answer % Correct
how many medical people were there usually at dressing stations 10
64%
ptsd that soldiers got shell shock
64%
when was 2nd battle of ypres 1915
55%
first time chlorine gas was used 1915
55%
when was somme 1916
55%
when were xrays being used in casualty clearing stations 1916
55%
when was arras and cambrai 1917
45%
first time mustard gas was used 1917
45%
what battle was there an underground hospital arras
45%
what was new at somme tanks
45%
bacteria in soil caused infection
36%
all surgical instruments were sterilised
36%
who carried wounded soldiers stretcher bearers
36%
who invented the thomas splint hugh owen thomas
27%
third trench reserve trench
27%
what did soldiers rub on feet to stop trench foot whale oil
27%
how amny tanks did brits have at cambrai 450
18%
how many british casualties at somme 60000
18%
first trench frontline trench
18%
who used antiseptic surgery and when joseph lister 1867
18%
how was trench fever spread lice
18%
mustard gas causes suffocation
18%
second trench support trench
18%
why did people get trench foot waterlogged trenches
18%
how far back is 3rd trench 100m
9%
1915 how many motor ambulances 250
9%
how deap are the trenches 2.5 m
9%
how many brit casualties 2.7 million
9%
how many cases of soldier ptsd 80000
9%
how far back is the 2nd trench 80m
9%
antiseptic surgery lead to aseptic surgery
9%
what was new at 2nd ypres chlorine gas
9%
what do you add to blood to keep it usable for 4 weeks citrate glucose
9%
what connects all trenches communications trench
9%
trench foot could lead to gangrene or amputations
9%
found not all blood transfusions are compatible with eachother karl landsteiner
9%
record of all soldiers injuries RAMC
9%
what do you add to blood to keep it from clotting sodium citrate
9%
how many amputations due to gangrene 240000
0%
who used tubes for blood transfusions in the british sector lawrence bruce robertson
0%
who discovered xrays and when wilhelm rontgen 1895
0%
No matching quizzes found
Score Distribution
Percent of People with Each Score
Percentile by Number Answered
Your Score History
You have not taken this quiz since the last reset